Gaming Quiz

Random Gaming or Video Games Quiz

Video Games A-Z (By Character) Quiz Stats

Quiz not verified by Sporcle

Challenge
Share
Tweet
Embed
Score 0/26 Timer 05:00
0 Plays Today
Letter Game % Correct
MMortal Kombat
75.1%
YYoshi's Island DS
71.1%
BBioshock
65.3%
RRatchet and Clank
64.7%
JJak and Daxter: The Precursor Legacy
64.2%
WWarioWare: Touched!
63%
NNew Super Mario Bros. Wii
57.8%
CChrono Trigger
53.2%
FFinal Fantasy XIII
51.4%
PPortal 2
51.4%
KKingdom Hearts 2
50.9%
OOkami
45.1%
GGears of War
41%
Letter Game % Correct
DDead Space
40.5%
QQ*Bert
36.4%
UUncharted 2: Among Thieves
34.1%
SShadow of the Colossus
32.9%
AApe Escape 2
32.4%
TTransformers: War for Cybertron
30.6%
IInfamous
22.5%
HHalo: Reach
20.8%
ZZoo Tycoon
20.2%
VViewtiful Joe
17.9%
XX-Men Legends
17.9%
EEnslaved: Odyssey to the West
11.6%
LLittleBigPlanet 2
9.8%

You're not logged in!

Compare scores with friends on all Sporcle quizzes.
Sign Up with Email
OR
Log In

You Might Also Like...

Show Comments

Extras

Top Quizzes Today


Score Distribution

Your Account Isn't Verified!

In order to create a playlist on Sporcle, you need to verify the email address you used during registration. Go to your Sporcle Settings to finish the process.